[Event "Stay Safe Play From Home 342"]
[Site "Emanuel Lasker Arena"]
[Date "2020.07.29"]
[Round "2"]
[White "Haris kollari 13"]
[Black "Lazieri3"]
[Result "0-1"]
[WhiteElo "1886"]
[BlackElo "2013"]
[Annotator "NA"]
[PlyCount "130"]
[EventDate "2020.07.29"]
[EventType "swiss (blitz)"]

1. e4 {[%emt 0:00:01]} c6 {[%emt 0:00:00]} 2. f4 {[%emt 0:00:01]} d5 {[%emt 0:00:00]} 3. e5 {[%emt 0:00:01]} Bf5 {[%emt 0:00:01]} 4. c3 {[%emt 0:00:02]} e6 {[%emt 0:00:01]} 5. b3 {[%emt 0:00:04]} d4 {[%emt 0:00:02]} 6. c4 {[%emt 0:00:02]} Bb4 {[%emt 0:00:03]} 7. a3 {[%emt 0:00:02]} Ba5 {[%emt 0:00:03]} 8. b4 {[%emt 0:00:02]} Bc7 {[%emt 0:00:01]} 9. d3 {[%emt 0:00:01]} b6 {[%emt 0:00:01]} 10. Nf3 {[%emt 0:00:01]} c5 {[%emt 0:00:01]} 11. b5 {[%emt 0:00:02]} Nd7 {[%emt 0:00:03]} 12. Nbd2 {[%emt 0:00:06]} h6 {[%emt 0:00:08]} 13. Be2 {[%emt 0:00:05]} Ne7 {[%emt 0:00:01]} 14. O-O {[%emt 0:00:02]} O-O {[%emt 0:00:02]} 15. a4 {[%emt 0:00:01]} a5 {[%emt 0:00:02]} 16. Rf2 {[%emt 0:00:14]} f6 {[%emt 0:00:05]} 17. exf6 {[%emt 0:00:01]} Rxf6 {[%emt 0:00:05]} 18. Nf1 {[%emt 0:00:01]} e5 {[%emt 0:00:05]} 19. fxe5 {[%emt 0:00:02]} Nxe5 {[%emt 0:00:00]} 20. Nxe5 {[%emt 0:00:02]} Bxe5 {[%emt 0:00:00]} 21. Bf4 {[%emt 0:00:04]} Bxf4 {[%emt 0:00:02]} 22. Rxf4 {[%emt 0:00:01]} Qd6 {[%emt 0:00:01]} 23. Rf2 {[%emt 0:00:04]} Raf8 {[%emt 0:00:04]} 24. Bf3 {[%emt 0:00:04]} Ng6 {[%emt 0:00:03]} 25. Ng3 {[%emt 0:00:01]} Ne5 {[%emt 0:00:02]} 26. Be2 {[%emt 0:00:07]} Bg6 {[%emt 0:00:12]} 27. Rxf6 {[%emt 0:00:03]} Qxf6 {[%emt 0:00:00]} 28. Qe1 {[%emt 0:00:05]} Bxd3 {[%emt 0:00:08]} 29. Bxd3 {[%emt 0:00:06]} Nxd3 {[%emt 0:00:00]} 30. Qe2 {[%emt 0:00:02]} Nf4 {[%emt 0:00:28]} 31. Qf3 {[%emt 0:00:03]} Ng6 {[%emt 0:00:09]} 32. Qd5+ {[%emt 0:00:03]} Qf7 {[%emt 0:00:05]} 33. Rf1 {[%emt 0:00:04]} Qxd5 {[%emt 0:00:05]} 34. cxd5 {[%emt 0:00:01]} Rxf1+ {[%emt 0:00:02]} 35. Kxf1 {[%emt 0:00:01]} Kf7 {[%emt 0:00:07]} 36. Ke2 {[%emt 0:00:01]} Nf4+ {[%emt 0:00:01]} 37. Kf3 {[%emt 0:00:02]} Nxd5 {[%emt 0:00:00]} 38. Ke4 {[%emt 0:00:00]} Nc3+ {[%emt 0:00:01]} 39. Kd3 {[%emt 0:00:01]} Nxa4 {[%emt 0:00:01]} 40. Ne4 {[%emt 0:00:01]} Nc3 {[%emt 0:00:03]} 41. Nd6+ {[%emt 0:00:02]} Ke6 {[%emt 0:00:02]} 42. Nc4 {[%emt 0:00:00]} Nxb5 {[%emt 0:00:22]} 43. Nxb6 {[%emt 0:00:01]} Nd6 {[%emt 0:00:02]} 44. Na4 {[%emt 0:00:04]} Kd5 {[%emt 0:00:01]} 45. Nb6+ {[%emt 0:00:01]} Kc6 {[%emt 0:00:01]} 46. Na4 {[%emt 0:00:03]} Kb5 {[%emt 0:00:03]} 47. Nb2 {[%emt 0:00:01]} Kb4 {[%emt 0:00:00]} 48. Nd1 {[%emt 0:00:03]} a4 {[%emt 0:00:01]} 49. Nf2 {[%emt 0:00:05]} a3 {[%emt 0:00:01]} 50. Kc2 {[%emt 0:00:01]} c4 {[%emt 0:00:02]} 51. Nd1 {[%emt 0:00:02]} c3 {[%emt 0:00:05]} 52. Kb1 {[%emt 0:00:01]} Kb3 {[%emt 0:00:02]} 53. Nf2 {[%emt 0:00:01]} a2+ {[%emt 0:00:03]} 54. Ka1 {[%emt 0:00:01]} Kc2 {[%emt 0:00:37]} 55. Kxa2 {[%emt 0:00:02]} d3 {[%emt 0:00:01]} 56. Ka3 {[%emt 0:00:06]} d2 {[%emt 0:00:01]} 57. Kb4 {[%emt 0:00:01]} Ne4 {[%emt 0:00:05]} 58. Nxe4 {[%emt 0:00:01]} d1=Q {[%emt 0:00:01]} 59. Nxc3 {[%emt 0:00:02]} Qd2 {[%emt 0:00:02]} 60. Ka4 {[%emt 0:00:01]} Qxc3 {[%emt 0:00:00]} 61. g4 {[%emt 0:00:04]} Qb2 {[%emt 0:00:01]} 62. h4 {[%emt 0:00:02]} Kc3 {[%emt 0:00:01]} 63. Ka5 {[%emt 0:00:01]} Qb7 {[%emt 0:00:01]} 64. g5 {[%emt 0:00:01]} Kc4 {[%emt 0:00:00]} 65. gxh6 {[%emt 0:00:02]} Qb5# {[%emt 0:00:00] (Lag: Av=0.62s, max=1.1s)} 0-1

[Event "Stay Safe Play From Home 342"]
[Site "Emanuel Lasker Arena"]
[Date "2020.07.29"]
[Round "2"]
[White "Kongle"]
[Black "Justwatch"]
[Result "1-0"]
[WhiteElo "1707"]
[BlackElo "1477"]
[Annotator "NA"]
[PlyCount "38"]
[EventDate "2020.07.29"]
[EventType "swiss (blitz)"]

1. d4 {[%emt 0:00:15]} Nf6 {[%emt 0:00:00]} 2. c4 {[%emt 0:00:02]} g6 {[%emt 0:00:00]} 3. Nc3 {[%emt 0:00:01]} Bg7 {[%emt 0:00:00]} 4. e4 {[%emt 0:00:01]} O-O {[%emt 0:00:20]} 5. e5 {[%emt 0:00:01]} Ne8 {[%emt 0:00:01]} 6. f4 {[%emt 0:00:01]} d6 {[%emt 0:00:01]} 7. Nf3 {[%emt 0:00:01]} Bg4 {[%emt 0:00:02]} 8. Be2 {[%emt 0:00:02]} Nc6 {[%emt 0:00:01]} 9. d5 {[%emt 0:00:02]} Nb8 {[%emt 0:00:02]} 10. exd6 {[%emt 0:00:04]} cxd6 {[%emt 0:00:01]} 11. O-O {[%emt 0:00:00]} Nd7 {[%emt 0:00:00]} 12. Be3 {[%emt 0:00:03]} Nef6 {[%emt 0:00:00]} 13. Qd2 {[%emt 0:00:04]} a6 {[%emt 0:00:00]} 14. Rac1 {[%emt 0:00:03]} Rc8 {[%emt 0:00:05]} 15. b3 {[%emt 0:00:04]} Qa5 {[%emt 0:00:03]} 16. h3 {[%emt 0:00:05]} Bxf3 {[%emt 0:00:01]} 17. Bxf3 {[%emt 0:00:01]} Ne8 {[%emt 0:00:01]} 18. Ne4 {[%emt 0:00:07]} Nc5 {[%emt 0:00:04]} 19. Qxa5 {[%emt 0:00:03]} Nxe4 {[%emt 0:00:02] Justwatch terk eder (Lag: Av=0.69s, max=1.1s)} 1-0

[Event "Stay Safe Play From Home 342"]
[Site "Emanuel Lasker Arena"]
[Date "2020.07.29"]
[Round "2"]
[White "Timbre"]
[Black "Hai Anh"]
[Result "1-0"]
[WhiteElo "1590"]
[BlackElo "1620"]
[Annotator "NA"]
[PlyCount "58"]
[EventDate "2020.07.29"]
[EventType "swiss (blitz)"]

1. d4 {[%emt 0:00:15]} f5 {[%emt 0:00:07]} 2. Nf3 {[%emt 0:00:01]} Nc6 {[%emt 0:00:06]} 3. Bf4 {[%emt 0:00:01]} d6 {[%emt 0:00:09]} 4. e3 {[%emt 0:00:02]} Nf6 {[%emt 0:00:08]} 5. Be2 {[%emt 0:00:07]} b6 {[%emt 0:00:11]} 6. c3 {[%emt 0:00:05]} h6 {[%emt 0:00:12]} 7. Bb5 {[%emt 0:00:03]} Bd7 {[%emt 0:00:03]} 8. Qe2 {[%emt 0:00:09]} Na5 {[%emt 0:00:02]} 9. Bxd7+ {[%emt 0:00:04]} Qxd7 {[%emt 0:00:01]} 10. Nbd2 {[%emt 0:00:02]} g5 {[%emt 0:00:14]} 11. Bg3 {[%emt 0:00:04]} d5 {[%emt 0:00:24]} 12. Ne5 {[%emt 0:00:09]} Qe6 {[%emt 0:00:13]} 13. b4 {[%emt 0:00:18]} Nc4 {[%emt 0:00:05]} 14. Ndxc4 {[%emt 0:00:03]} dxc4 {[%emt 0:00:03]} 15. Qxc4 {[%emt 0:00:02]} Qxc4 {[%emt 0:00:14]} 16. Nxc4 {[%emt 0:00:03]} O-O-O {[%emt 0:00:06]} 17. h3 {[%emt 0:00:10]} Ne4 {[%emt 0:00:19]} 18. Ne5 {[%emt 0:00:17]} Rd5 {[%emt 0:00:22]} 19. c4 {[%emt 0:00:11]} Rd6 {[%emt 0:00:20]} 20. Nf7 {[%emt 0:00:04]} Rxd4 {[%emt 0:00:12]} 21. Nxh8 {[%emt 0:00:10]} Rxc4 {[%emt 0:00:06]} 22. O-O {[%emt 0:00:05]} Rxb4 {[%emt 0:00:05]} 23. Be5 {[%emt 0:00:11]} Nf6 {[%emt 0:00:16]} 24. Rac1 {[%emt 0:00:06]} Nd5 {[%emt 0:00:07]} 25. Rfd1 {[%emt 0:00:06]} e6 {[%emt 0:00:04]} 26. Rxd5 {[%emt 0:00:08]} exd5 {[%emt 0:00:02]} 27. Rxc7+ {[%emt 0:00:03]} Kd8 {[%emt 0:00:07]} 28. Ng6 {[%emt 0:00:14]} Bg7 {[%emt 0:00:24]} 29. Rxg7 {[%emt 0:00:06]} f4 {[%emt 0:00:06] Hai Anh resigns (Lag: Av=0.54s, max=1.0s)} 1-0

[Event "Stay Safe Play From Home 342"]
[Site "Emanuel Lasker Arena"]
[Date "2020.07.29"]
[Round "2"]
[White "Klasman"]
[Black "Canpawn"]
[Result "1/2-1/2"]
[WhiteElo "1527"]
[BlackElo "1337"]
[Annotator "NA"]
[PlyCount "50"]
[EventDate "2020.07.29"]
[EventType "swiss (blitz)"]

1. f4 {[%emt 0:01:06]} Nf6 {[%emt 0:00:06]} 2. Nf3 {[%emt 0:00:02]} g6 {[%emt 0:00:00]} 3. Nc3 {[%emt 0:00:03]} Bg7 {[%emt 0:00:00]} 4. e4 {[%emt 0:00:01]} d6 {[%emt 0:00:01]} 5. d4 {[%emt 0:00:02]} O-O {[%emt 0:00:02]} 6. e5 {[%emt 0:00:01]} Nfd7 {[%emt 0:00:02]} 7. Bc4 {[%emt 0:00:05]} c5 {[%emt 0:00:02]} 8. O-O {[%emt 0:00:06]} Nc6 {[%emt 0:00:02]} 9. d5 {[%emt 0:00:04]} Nb4 {[%emt 0:00:02]} 10. e6 {[%emt 0:00:02]} fxe6 {[%emt 0:00:02]} 11. dxe6 {[%emt 0:00:12]} Nf6 {[%emt 0:00:02]} 12. a3 {[%emt 0:00:05]} Nc6 {[%emt 0:00:04]} 13. Qe2 {[%emt 0:00:10]} b6 {[%emt 0:00:10]} 14. Ng5 {[%emt 0:00:03]} Bb7 {[%emt 0:00:03]} 15. Nf7 {[%emt 0:00:02]} Qc7 {[%emt 0:00:03]} 16. g4 {[%emt 0:00:06]} Nd4 {[%emt 0:00:02]} 17. Qd1 {[%emt 0:00:26]} Qc6 {[%emt 0:00:02]} 18. Kf2 {[%emt 0:01:05]} Qg2+ {[%emt 0:00:15]} 19. Ke1 {[%emt 0:00:02]} Nf3+ {[%emt 0:00:03]} 20. Rxf3 {[%emt 0:00:08]} Bxf3 {[%emt 0:00:02]} 21. Be2 {[%emt 0:00:01]} Qg1+ {[%emt 0:00:03]} 22. Kd2 {[%emt 0:00:02]} Qd4+ {[%emt 0:00:09]} 23. Ke1 {[%emt 0:00:02]} Qg1+ {[%emt 0:00:01]} 24. Kd2 {[%emt 0:00:01]} Qd4+ {[%emt 0:00:01]} 25. Ke1 {[%emt 0:00:01]} Qg1+ {[%emt 0:00:01] (Lag: Av=0.53s, max=0.8s)} 1/2-1/2

[Event "Stay Safe Play From Home 342"]
[Site "Emanuel Lasker Arena"]
[Date "2020.07.29"]
[Round "2"]
[White "Marcus Wolters"]
[Black "Erdema"]
[Result "0-1"]
[WhiteElo "1359"]
[BlackElo "1578"]
[Annotator "NA"]
[PlyCount "102"]
[EventDate "2020.07.29"]
[EventType "swiss (blitz)"]

1. d4 {[%emt 0:00:02]} d5 {[%emt 0:00:02]} 2. Bf4 {[%emt 0:00:01]} e6 {[%emt 0:00:02]} 3. e3 {[%emt 0:00:01]} Bd6 {[%emt 0:00:02]} 4. Bg3 {[%emt 0:00:02]} Nf6 {[%emt 0:00:02]} 5. Nd2 {[%emt 0:00:01]} Nc6 {[%emt 0:00:02]} 6. c3 {[%emt 0:00:02]} e5 {[%emt 0:00:01]} 7. dxe5 {[%emt 0:00:04]} Bxe5 {[%emt 0:00:02]} 8. Bxe5 {[%emt 0:00:03]} Nxe5 {[%emt 0:00:02]} 9. Ngf3 {[%emt 0:00:01]} Bg4 {[%emt 0:00:02]} 10. Qa4+ {[%emt 0:00:03]} c6 {[%emt 0:00:02]} 11. Be2 {[%emt 0:00:02]} Nxf3+ {[%emt 0:00:06]} 12. Bxf3 {[%emt 0:00:08]} Bxf3 {[%emt 0:00:03]} 13. Nxf3 {[%emt 0:00:01]} Qd6 {[%emt 0:00:02]} 14. O-O {[%emt 0:00:11]} O-O {[%emt 0:00:02]} 15. h3 {[%emt 0:00:01]} Ne4 {[%emt 0:00:02]} 16. Rad1 {[%emt 0:00:07]} b5 {[%emt 0:00:03]} 17. Qc2 {[%emt 0:00:04]} Qf6 {[%emt 0:00:03]} 18. Nd2 {[%emt 0:00:04]} Nxd2 {[%emt 0:00:05]} 19. Rxd2 {[%emt 0:00:03]} a5 {[%emt 0:00:01]} 20. a4 {[%emt 0:00:12]} bxa4 {[%emt 0:00:19]} 21. Qxa4 {[%emt 0:00:02]} Rfb8 {[%emt 0:00:04]} 22. Qd4 {[%emt 0:00:03]} Qxd4 {[%emt 0:00:04]} 23. exd4 {[%emt 0:00:05]} Rb3 {[%emt 0:00:03]} 24. Ra1 {[%emt 0:00:04]} a4 {[%emt 0:00:03]} 25. Re2 {[%emt 0:00:10]} Kf8 {[%emt 0:00:05]} 26. Kf1 {[%emt 0:00:09]} a3 {[%emt 0:00:04]} 27. bxa3 {[%emt 0:00:08]} Raxa3 {[%emt 0:00:04]} 28. Rxa3 {[%emt 0:00:04]} Rxa3 {[%emt 0:00:02]} 29. Re3 {[%emt 0:00:04]} Ra7 {[%emt 0:00:04]} 30. Ke2 {[%emt 0:00:01]} Re7 {[%emt 0:00:02]} 31. Kf3 {[%emt 0:00:02]} Rxe3+ {[%emt 0:00:02]} 32. fxe3 {[%emt 0:00:01]} Ke7 {[%emt 0:00:01]} 33. e4 {[%emt 0:00:01]} f6 {[%emt 0:00:03]} 34. exd5 {[%emt 0:00:06]} cxd5 {[%emt 0:00:02]} 35. g4 {[%emt 0:00:16]} Kd6 {[%emt 0:00:02]} 36. Kf4 {[%emt 0:00:04]} Ke6 {[%emt 0:00:08]} 37. h4 {[%emt 0:00:02]} h6 {[%emt 0:00:02]} 38. g5 {[%emt 0:00:09]} fxg5+ {[%emt 0:00:06]} 39. hxg5 {[%emt 0:00:01]} h5 {[%emt 0:00:03]} 40. Kg3 {[%emt 0:00:11]} g6 {[%emt 0:00:02]} 41. Kf4 {[%emt 0:00:05]} h4 {[%emt 0:00:06]} 42. Kg4 {[%emt 0:00:01]} h3 {[%emt 0:00:01]} 43. Kxh3 {[%emt 0:00:01]} Kf5 {[%emt 0:00:01]} 44. Kg2 {[%emt 0:00:25]} Kxg5 {[%emt 0:00:02]} 45. Kg3 {[%emt 0:00:01]} Kf5 {[%emt 0:00:01]} 46. Kf3 {[%emt 0:00:01]} g5 {[%emt 0:00:01]} 47. Kg3 {[%emt 0:00:03]} g4 {[%emt 0:00:02]} 48. Kg2 {[%emt 0:00:02]} Ke4 {[%emt 0:00:02]} 49. Kg3 {[%emt 0:00:01]} Kd3 {[%emt 0:00:01]} 50. Kxg4 {[%emt 0:00:01]} Kxc3 {[%emt 0:00:01]} 51. Kf5 {[%emt 0:00:01]} Kxd4 {[%emt 0:00:01] Marcus Wolters gibt auf (Lag: Av=0.71s, max=1.3s)} 0-1

[Event "Stay Safe Play From Home 342"]
[Site "Emanuel Lasker Arena"]
[Date "2020.07.29"]
[Round "3"]
[White "Lazieri3"]
[Black "Hickey"]
[Result "1/2-1/2"]
[WhiteElo "2024"]
[BlackElo "2167"]
[Annotator "TA"]
[PlyCount "105"]
[EventDate "2020.07.29"]
[EventType "swiss (blitz)"]

{[%evp 15,105,34,49,20,35,16,22,11,24,-6,7,-30,-14,-45,-45,-53,-60,-47,-29,-33,-19,-47,-45,-54,-50,-68,-70,-79,-39,-59,-48,-56,-29,-35,-16,-27,-31,-33,0,-34,-32,-66,-27,-27,-27,-27,-13,-27,-2,-47,0,0,0,0,0,0,0,-3,0,-8,-8,-22,-29,-29,0,0,0,0,0,0,0,0,0,0,0,0,0,0,0,0,0,0,0,0,0,0,0,0,0,0,0,0]} 1. e4 c6 2. d4 d5 3. Nc3 dxe4 4. Nxe4 Bf5 5. Ng3 Bg6 6. Nf3 Nd7 7. Bd3 e6 8. Bxg6 hxg6 9. h3 {B18: Classical Caro-Kann: 4...Bf5 sidelines.} Ngf6 10. Bf4 Be7 11. c3 Qb6 {[#]} 12. Qb3 $146 ({Predecessor:} 12. Qc2 Nd5 13. Ne2 Rc8 14. b4 O-O 15. O-O Nxf4 16. Nxf4 Qc7 17. Nd3 b6 18. Qe2 {1-0 (30) Kowara,M (1763)-Malinowski,D Polanica Zdroj 2008}) 12... O-O 13. Qxb6 (13. Ne2 {with more complications.} Qb5 14. Qc2 Qf5 15. Qd2 Ne4 16. Qe3) 13... axb6 14. Ne5 Nxe5 15. Bxe5 b5 16. O-O Rfd8 17. a3 Rd7 18. Bxf6 gxf6 19. Ne4 f5 20. Ng3 Kg7 21. Rfe1 Bh4 22. Ne2 Bf6 23. Nf4 Kh6 24. Nd3 Rd5 25. Nf4 Rd6 26. Nd3 Ra7 27. Ne5 Kg7 28. Re2 Rd5 (28... b4 $5) 29. Rae1 Ra8 30. f4 Rh8 31. Re3 Rh4 32. Rf3 (32. Nf3 $5 {[%cal Rf3h4]}) 32... g5 33. fxg5 Bxe5 34. Rxe5 Rxe5 35. dxe5 $11 {[%mdl 4096] Endgame KR-KR} Re4 36. g3 Rxe5 37. Kf2 Rd5 38. Ke2 Kg6 39. h4 f6 40. gxf6 {The position is equal.} Kxf6 41. Rd3 e5 42. Rxd5 cxd5 {KP-KP} 43. b3 Kg6 44. Ke3 Kh5 45. Kf3 $1 b6 46. a4 bxa4 47. bxa4 Kg6 {[#] aiming for ...Kh5.} 48. Ke3 Kh6 49. Ke2 Kh5 {...Kg4 is the strong threat.} 50. Kf3 Kg6 {White must now prevent ...Kh5.} 51. Ke3 Kf6 52. Ke2 Kg6 53. Ke3 {Accuracy: White = 77%, Black = 81%.} 1/2-1/2

[Event "Stay Safe Play From Home 342"]
[Site "Emanuel Lasker Arena"]
[Date "2020.07.29"]
[Round "3"]
[White "Greblha"]
[Black "Don59as"]
[Result "0-1"]
[WhiteElo "2019"]
[BlackElo "1997"]
[Annotator "NA"]
[PlyCount "156"]
[EventDate "2020.07.29"]
[EventType "swiss (blitz)"]

1. e4 {[%emt 0:00:01]} e5 {[%emt 0:00:01]} 2. Nf3 {[%emt 0:00:01]} Nc6 {[%emt 0:00:01]} 3. Bb5 {[%emt 0:00:00]} f5 {[%emt 0:00:01]} 4. Nc3 {[%emt 0:00:02]} Nf6 {[%emt 0:00:01]} 5. d3 {[%emt 0:00:02]} d6 {[%emt 0:00:01]} 6. Bg5 {[%emt 0:00:02]} Be7 {[%emt 0:00:01]} 7. Bxf6 {[%emt 0:00:01]} Bxf6 {[%emt 0:00:01]} 8. Nd5 {[%emt 0:00:01]} O-O {[%emt 0:00:01]} 9. Nxf6+ {[%emt 0:00:01]} Qxf6 {[%emt 0:00:02]} 10. Bxc6 {[%emt 0:00:02]} bxc6 {[%emt 0:00:01]} 11. c3 {[%emt 0:00:01]} fxe4 {[%emt 0:00:02]} 12. dxe4 {[%emt 0:00:02]} Bg4 {[%emt 0:00:01]} 13. O-O {[%emt 0:00:22]} Bxf3 {[%emt 0:00:05]} 14. Qxf3 {[%emt 0:00:01]} Qxf3 {[%emt 0:00:02]} 15. gxf3 {[%emt 0:00:01]} Rxf3 {[%emt 0:00:01]} 16. Rae1 {[%emt 0:00:03]} Rb8 {[%emt 0:00:05]} 17. Re2 {[%emt 0:00:02]} Rbf8 {[%emt 0:00:14]} 18. Kg2 {[%emt 0:00:01]} R3f6 {[%emt 0:00:02]} 19. Rc1 {[%emt 0:00:09]} Rg6+ {[%emt 0:00:05]} 20. Kf1 {[%emt 0:00:09]} Rh6 {[%emt 0:00:04]} 21. Kg2 {[%emt 0:00:02]} Rf4 {[%emt 0:00:01]} 22. f3 {[%emt 0:00:01]} Rfh4 {[%emt 0:00:02]} 23. Kg1 {[%emt 0:00:01]} Rg6+ {[%emt 0:00:03]} 24. Kf1 {[%emt 0:00:06]} Kf7 {[%emt 0:00:06]} 25. c4 {[%emt 0:00:02]} Ke6 {[%emt 0:00:11]} 26. Rc3 {[%emt 0:00:01]} Rf4 {[%emt 0:00:09]} 27. Ra3 {[%emt 0:00:13]} Rgf6 {[%emt 0:00:05]} 28. Kg2 {[%emt 0:00:01]} Rg6+ {[%emt 0:00:04]} 29. Kf1 {[%emt 0:00:01]} Rh6 {[%emt 0:00:19]} 30. Rg2 {[%emt 0:00:09]} g6 {[%emt 0:00:09]} 31. Kf2 {[%emt 0:00:09]} Rh3 {[%emt 0:00:02]} 32. b4 {[%emt 0:00:10]} Rxe4 {[%emt 0:00:06]} 33. Rxa7 {[%emt 0:00:03]} Rxc4 {[%emt 0:00:06]} 34. Rxc7 {[%emt 0:00:03]} Kd5 {[%emt 0:00:15]} 35. Ke1 {[%emt 0:00:33]} Rxb4 {[%emt 0:00:12]} 36. Rd2+ {[%emt 0:00:04]} Rd4 {[%emt 0:00:01]} 37. Rxd4+ {[%emt 0:00:06]} exd4 {[%emt 0:00:01]} 38. a4 {[%emt 0:00:12]} Rxh2 {[%emt 0:00:10]} 39. a5 {[%emt 0:00:02]} Ra2 {[%emt 0:00:06]} 40. Rxh7 {[%emt 0:00:01]} Rxa5 {[%emt 0:00:02]} 41. Rg7 {[%emt 0:00:02]} c5 {[%emt 0:00:08]} 42. Rxg6 {[%emt 0:00:01]} Ra2 {[%emt 0:00:01]} 43. Rg5+ {[%emt 0:00:07]} Kc4 {[%emt 0:00:01]} 44. f4 {[%emt 0:00:00]} d5 {[%emt 0:00:02]} 45. f5 {[%emt 0:00:01]} Ra7 {[%emt 0:00:13]} 46. Kd2 {[%emt 0:00:07]} Rf7 {[%emt 0:00:06]} 47. Rh5 {[%emt 0:00:05]} d3 {[%emt 0:00:02]} 48. Rh4+ {[%emt 0:00:04]} d4 {[%emt 0:00:01]} 49. Rh5 {[%emt 0:00:01]} Ra7 {[%emt 0:00:06]} 50. f6 {[%emt 0:00:05]} Ra2+ {[%emt 0:00:01]} 51. Kd1 {[%emt 0:00:03]} Kc3 {[%emt 0:00:02]} 52. Rxc5+ {[%emt 0:00:02]} Kb4 {[%emt 0:00:00]} 53. Rd5 {[%emt 0:00:09]} Kc4 {[%emt 0:00:01]} 54. Rd7 {[%emt 0:00:05] Greblha bietet Remis} Rf2 {[%emt 0:00:14]} 55. Rc7+ {[%emt 0:00:03]} Kd5 {[%emt 0:00:01]} 56. f7 {[%emt 0:00:06]} d2 {[%emt 0:00:03]} 57. Rd7+ {[%emt 0:00:09]} Ke4 {[%emt 0:00:01]} 58. f8=Q {[%emt 0:00:04]} Rxf8 {[%emt 0:00:02]} 59. Kxd2 {[%emt 0:00:01]} Rf2+ {[%emt 0:00:01]} 60. Ke1 {[%emt 0:00:01]} Rh2 {[%emt 0:00:02]} 61. Ra7 {[%emt 0:00:13]} Ke3 {[%emt 0:00:05]} 62. Re7+ {[%emt 0:00:05]} Kd3 {[%emt 0:00:01]} 63. Ra7 {[%emt 0:00:02]} Re2+ {[%emt 0:00:05]} 64. Kd1 {[%emt 0:00:02]} Re5 {[%emt 0:00:06]} 65. Ra3+ {[%emt 0:00:00]} Ke4 {[%emt 0:00:01]} 66. Kd2 {[%emt 0:00:01]} Rb5 {[%emt 0:00:01]} 67. Rh3 {[%emt 0:00:02]} Rb2+ {[%emt 0:00:01]} 68. Kc1 {[%emt 0:00:01]} Rf2 {[%emt 0:00:01]} 69. Kd1 {[%emt 0:00:03]} Rf3 {[%emt 0:00:02]} 70. Rh8 {[%emt 0:00:02]} Kd3 {[%emt 0:00:01]} 71. Rh1 {[%emt 0:00:05]} Kc3 {[%emt 0:00:03]} 72. Ke2 {[%emt 0:00:01]} Re3+ {[%emt 0:00:01]} 73. Kd1 {[%emt 0:00:01]} Rg3 {[%emt 0:00:03]} 74. Ke2 {[%emt 0:00:01]} d3+ {[%emt 0:00:01]} 75. Kf2 {[%emt 0:00:01]} Rg6 {[%emt 0:00:01]} 76. Rc1+ {[%emt 0:00:01]} Kd2 {[%emt 0:00:01]} 77. Ra1 {[%emt 0:00:01]} Rc6 {[%emt 0:00:01]} 78. Kf3 {[%emt 0:00:02]} Rc2 {[%emt 0:00:04] Zeit (Lag: Av=0.61s, max=1.1s)} 0-1

[Event "Stay Safe Play From Home 342"]
[Site "Emanuel Lasker Arena"]
[Date "2020.07.29"]
[Round "3"]
[White "Ionelluca"]
[Black "Kongle"]
[Result "1-0"]
[WhiteElo "1956"]
[BlackElo "1714"]
[Annotator "NA"]
[PlyCount "83"]
[EventDate "2020.07.29"]
[EventType "swiss (blitz)"]

1. c4 {[%emt 0:00:02]} e5 {[%emt 0:00:14]} 2. Nc3 {[%emt 0:00:03]} f5 {[%emt 0:00:04]} 3. g3 {[%emt 0:00:02]} Nf6 {[%emt 0:00:00]} 4. Bg2 {[%emt 0:00:01]} Bc5 {[%emt 0:00:01]} 5. d3 {[%emt 0:00:06]} d6 {[%emt 0:00:01]} 6. e3 {[%emt 0:00:02]} O-O {[%emt 0:00:01]} 7. Nge2 {[%emt 0:00:01]} a6 {[%emt 0:00:01]} 8. O-O {[%emt 0:00:02]} Nc6 {[%emt 0:00:07]} 9. d4 {[%emt 0:00:02]} Ba7 {[%emt 0:00:03]} 10. a3 {[%emt 0:00:23]} Qe8 {[%emt 0:00:02]} 11. b4 {[%emt 0:00:03]} Qh5 {[%emt 0:00:03]} 12. Nd5 {[%emt 0:00:03]} Ng4 {[%emt 0:00:03]} 13. h3 {[%emt 0:00:01]} Nxf2 {[%emt 0:00:01]} 14. Rxf2 {[%emt 0:00:03]} exd4 {[%emt 0:00:07]} 15. Ndf4 {[%emt 0:00:04]} Qg5 {[%emt 0:00:13]} 16. exd4 {[%emt 0:00:17]} Ne5 {[%emt 0:00:19]} 17. dxe5 {[%emt 0:00:08]} Bxf2+ {[%emt 0:00:10]} 18. Kxf2 {[%emt 0:00:01]} dxe5 {[%emt 0:00:10]} 19. Qd5+ {[%emt 0:00:02]} Kh8 {[%emt 0:00:07]} 20. Qxe5 {[%emt 0:00:11]} Bd7 {[%emt 0:00:02]} 21. Bb2 {[%emt 0:00:02]} Rae8 {[%emt 0:00:07]} 22. h4 {[%emt 0:00:04]} Qg4 {[%emt 0:00:13]} 23. Bf3 {[%emt 0:00:14]} Rxe5 {[%emt 0:00:14]} 24. Bxg4 {[%emt 0:00:22]} Re4 {[%emt 0:00:01]} 25. Bf3 {[%emt 0:00:09]} Rxc4 {[%emt 0:00:02]} 26. Nh5 {[%emt 0:00:14]} c6 {[%emt 0:00:29]} 27. Bxg7+ {[%emt 0:00:05]} Kg8 {[%emt 0:00:01]} 28. Bxf8 {[%emt 0:00:02]} Kxf8 {[%emt 0:00:01]} 29. Nf6 {[%emt 0:00:04]} Be6 {[%emt 0:00:03]} 30. Nxh7+ {[%emt 0:00:01]} Ke7 {[%emt 0:00:04]} 31. Ng5 {[%emt 0:00:01]} Bg8 {[%emt 0:00:05]} 32. Re1 {[%emt 0:00:03]} Rc2 {[%emt 0:00:02]} 33. Ke3 {[%emt 0:00:06]} Kf6 {[%emt 0:00:04]} 34. Nh3 {[%emt 0:00:23]} Ra2 {[%emt 0:00:04]} 35. Nhf4 {[%emt 0:00:07]} Rxa3+ {[%emt 0:00:02]} 36. Kf2 {[%emt 0:00:01]} Bf7 {[%emt 0:00:08]} 37. Rd1 {[%emt 0:00:02]} Ke5 {[%emt 0:00:06]} 38. h5 {[%emt 0:00:05]} Ra2 {[%emt 0:00:05]} 39. h6 {[%emt 0:00:01]} Bg8 {[%emt 0:00:09]} 40. Rd8 {[%emt 0:00:03]} Bc4 {[%emt 0:00:05]} 41. h7 {[%emt 0:00:04]} Bxe2 {[%emt 0:00:07]} 42. h8=Q# {[%emt 0:00:01] (Lag: Av=0.76s, max=1.9s)} 1-0